The reining foundation /

Doug Milholland explains the training of a reining horse. Recommended for those interested in developing strong basic fundamentals for their young horses.

Bibliographic Details
Corporate Author: Video Horse World (Firm)
Format: Video VHS
Language:English
Published: Bremen, Ind. : Video Horse World, [1988]
Subjects:

MARC

Tag First Indicator Second Indicator Subfields
LEADER 00000cgm a2200000Ia 4500
001 in00001601321
005 20151022180524.0
007 vf cbaho-
008 940415s1988 inu078 g vleng d
035 |a (OCoLC)ocm30152473 
040 |a PZE  |c PZE  |d TXA  |d UtOrBLW 
049 |a TXAM 
090 |a SF296.R4  |b R45 1988 
092 |a 636.1  |b R27 
245 0 4 |a The reining foundation /  |c Video Horse World. 
264 1 |a Bremen, Ind. :  |b Video Horse World,  |c [1988] 
264 4 |c ©1988 
300 |a 1 videocassette (78 min.) :  |b sound, color ;  |c 1/2 in. 
336 |a two-dimensional moving image  |b tdi  |2 rdacontent 
337 |a video  |b v  |2 rdamedia 
338 |a videocassette  |b vf  |2 rdacarrier 
500 |a VHS. 
511 1 |a Host, Doug Milholland. 
520 |a Doug Milholland explains the training of a reining horse. Recommended for those interested in developing strong basic fundamentals for their young horses. 
500 |a Videorecording. 
650 0 |a Reining (Horsemanship) 
650 0 |a Horses  |x Training. 
710 2 |a Video Horse World (Firm) 
948 |a cataloged  |b h  |c 2001/3/21  |d c  |e dmitchel  |f 12:12:12 pm 
994 |a E0  |b TXA 
999 |a MARS 
999 f f |s ce07a2f9-3bb5-3e09-a002-448ce7042349  |i f6bb547d-e17e-30fd-854a-f836a1186917  |t 0